00242nam a2200097Ia 4500008004100000100001800041245002500059260004400084300000800128650000800136191201s2009 xx 000 0 und d aDWIVEDI, D.N. 0aManagerial Economics aN. DelhibVikas Publication Housec2009 a704 aBBA